[Event "East Detroit Tornado (March)"]
[Site "East Detroit, Mich."]
[Date "1985.03.16"]
[Round "2"]
[White "Keck, Mickey"]
[Black "Moody, David"]
[Result "1-0"]
[WhiteElo "1461"]
[BlackElo "1988"]
[PlyCount "51"]
[EventDate "1985.03.16"]

1. d4 Nf6 2. c4 c5 3. Nf3 e6 4. Bf4 d5 5. Nc3 cxd4 6. Nxd4 Nc6 7. Nxc6 bxc6 8.
e3 Qa5 9. a3 Ne4 10. Rc1 Be7 11. Bd3 Nxc3 12. bxc3 Qxa3 13. O-O Bf6 14. Qc2 e5
15. Bg3 e4 16. Bxe4 Be6 17. cxd5 cxd5 18. Bd3 h6 19. Bb5+ Ke7 20. c4 Rhc8 21.
c5 Kf8 22. Qh7 Rd8 23. Qh8+ Ke7 24. Bd6+ Rxd6 25. cxd6+ Qxd6 26. Qxa8 1-0

[Event "New Center Open"]
[Site "Detroit, Mich."]
[Date "1985.03.30"]
[Round "1"]
[White "Nixon, Peter"]
[Black "Moody, David"]
[Result "0-1"]
[WhiteElo "1526"]
[BlackElo "1988"]
[PlyCount "88"]
[EventDate "1985.03.30"]

1. d4 Nf6 2. Bg5 Ne4 3. Bh4 c5 4. e3 Qb6 5. b3 Nc6 6. Bd3 Qb4+ 7. Kf1 d5 8. c4
cxd4 9. exd4 Bf5 10. a3 Qb6 11. c5 Qc7 12. f3 O-O-O 13. fxe4 dxe4 14. Bc4 Qf4+
15. Bf2 e3 16. Qf3 Rxd4 17. Bxe3 Rd1+ 18. Ke2 Qxf3+ 19. gxf3 Rxb1 20. Rxb1 Bxb1
21. Bxf7 Bf5 22. Kf2 e6 23. Bh5 Ne5 24. b4 g6 25. Bg4 Nxg4+ 26. fxg4 Be4 27.
Nf3 Be7 28. Rd1 Rf8 29. Rd4 Bxf3 30. Kg3 Bd5 31. Rf4 Rxf4 32. Bxf4 Bf6 33. h4
Bb2 34. a4 Bc3 35. b5 Bd4 36. Bd6 e5 37. g5 Kd7 38. Bf8 Ke6 39. a5 e4 40. a6 e3
41. axb7 e2 42. b8=Q e1=Q+ 43. Kh3 Qf1+ 44. Kg4 Qf3# 0-1

[Event "New Center Open"]
[Site "Detroit, Mich."]
[Date "1985.03.30"]
[Round "3"]
[White "Moody, David"]
[Black "Shavalier, John"]
[Result "0-1"]
[WhiteElo "1988"]
[BlackElo "2065"]
[PlyCount "26"]
[EventDate "1985.03.30"]

1. e4 e6 2. d4 d5 3. Nc3 Nf6 4. Bg5 Bb4 5. e5 h6 6. exf6 hxg5 7. fxg7 Rg8 8.
Qh5 Qf6 9. Nf3 Qxg7 10. O-O-O Bd6 11. Kb1 Nd7 12. h4 g4 13. Ne5 Rh8 0-1

[Event "New Center Open"]
[Site "Detroit, Mich."]
[Date "1985.03.31"]
[Round "5"]
[White "Moody, David"]
[Black "Bath, John"]
[Result "1-0"]
[WhiteElo "1988"]
[BlackElo "2109"]
[PlyCount "69"]
[EventDate "1985.03.30"]

1. e4 e6 2. d4 d5 3. Nc3 Bb4 4. e5 c5 5. a3 Bxc3+ 6. bxc3 Ne7 7. Nf3 Bd7 8. a4
Qa5 9. Bd2 Nbc6 10. Bb5 c4 11. O-O f6 12. Qe2 O-O-O 13. Rfb1 Qc7 14. Bf4 Ng6
15. Bg3 f5 16. Nh4 Nce7 17. Nxg6 Nxg6 18. f3 h5 19. Rb4 h4 20. Bf2 Be8 21. Qf1
Nf4 22. Be3 g5 23. Kf2 Rg8 24. Qc1 Qg7 25. Qb2 Nh5 26. Rb1 Bxb5 27. Rxb5 Rd7
28. a5 f4 29. a6 fxe3+ 30. Ke1 g4 31. axb7+ Kb8 32. Qa3 Rxb7 33. Qa6 Ka8 34.
Rxb7 gxf3 35. Qxa7# 1-0

[Event "New Center Open"]
[Site "Detroit, Mich."]
[Date "1985.03.31"]
[Round "4"]
[White "Manion, Tom"]
[Black "Moody, David"]
[Result "0-1"]
[WhiteElo "1815"]
[BlackElo "1988"]
[PlyCount "88"]
[EventDate "1985.03.30"]

1. c3 d5 2. d4 Nf6 3. Nf3 e6 4. Bg5 Be7 5. Nbd2 O-O 6. Qc2 Nbd7 7. g3 b6 8. Bg2
Bb7 9. O-O c5 10. e3 Ba6 11. Rfe1 Rc8 12. Qa4 Bb7 13. Qxa7 Bc6 14. Qa6 c4 15.
Ne5 Nxe5 16. dxe5 Ra8 17. exf6 gxf6 18. Qxa8 Qxa8 19. Bh4 Kg7 20. Nf3 d4 21. e4
Bxe4 22. Rxe4 Qxe4 23. Nxd4 Qe5 24. Nc6 Qc5 25. Nxe7 Qxe7 26. g4 Rd8 27. Bg3
Rd2 28. b3 b5 29. bxc4 bxc4 30. Bf1 Qa3 31. Bf4 Rxa2 32. Rxa2 Qxa2 33. Bd6 Kg6
34. h3 e5 35. Bb4 Kg5 36. Kg2 Kf4 37. Bc5 Qc2 38. Bb4 e4 39. Bd6+ Kg5 40. Bb4
e3 41. h4+ Kxg4 42. Kh1 Qxf2 43. Bg2 e2 44. Bh3+ Kxh3 0-1

[Event "Michigan Amateur"]
[Site "Kalamazoo, Mich."]
[Date "1985.04.13"]
[Round "1"]
[White "Wilson, Richard"]
[Black "Moody, David"]
[Result "1-0"]
[WhiteElo "1628"]
[BlackElo "1988"]
[PlyCount "37"]
[EventDate "1985.04.13"]

1. e4 e5 2. Nf3 Nc6 3. Bb5 a6 4. Bxc6 dxc6 5. O-O Qd6 6. d3 f6 7. Be3 Bg4 8.
Nbd2 Ne7 9. Nc4 Qd7 10. Rb1 Ng6 11. b4 Nh4 12. Ncd2 a5 13. bxa5 Rxa5 14. Rxb7
Rxa2 15. Qb1 Nxg2 16. Qxa2 Bd6 17. Rb8+ Ke7 18. Rxh8 Bxf3 19. Qg8 1-0

[Event "Michigan Amateur"]
[Site "Kalamazoo, Mich."]
[Date "1985.04.13"]
[Round "2"]
[White "Moody, David"]
[Black "Jensen, David"]
[Result "1-0"]
[WhiteElo "1988"]
[BlackElo "1410"]
[PlyCount "45"]
[EventDate "1985.04.13"]

1. e4 c5 2. Nf3 d6 3. d4 cxd4 4. Nxd4 Nf6 5. Nc3 a6 6. Bg5 Nbd7 7. f4 e5 8. Nb3
Be7 9. Qd2 O-O 10. O-O-O Nc5 11. Nxc5 dxc5 12. fxe5 Nd7 13. Bf4 Nb6 14. Qe3 Qe8
15. Nd5 Nxd5 16. exd5 Bf5 17. Bd3 Bg6 18. Bxg6 hxg6 19. h4 f6 20. d6 Bd8 21. e6
Bb6 22. d7 Qd8 23. e7 1-0

[Event "Michigan Amateur"]
[Site "Kalamazoo, Mich."]
[Date "1985.04.13"]
[Round "3"]
[White "Brattin, Brian"]
[Black "Moody, David"]
[Result "1/2-1/2"]
[WhiteElo "1650"]
[BlackElo "1988"]
[PlyCount "81"]
[EventDate "1985.04.13"]

1. e4 e5 2. Nf3 Nc6 3. Bb5 a6 4. Ba4 Nf6 5. O-O Be7 6. d4 Nxe4 7. Re1 f5 8.
Nxe5 Nxe5 9. dxe5 O-O 10. Bb3+ Kh8 11. f4 c6 12. Be3 d5 13. Nd2 Nc5 14. Nf3 Ne6
15. Nd4 Nxf4 16. Bxf4 c5 17. Nf3 c4 18. c3 cxb3 19. axb3 Be6 20. Be3 f4 21. Bd4
Qe8 22. Qe2 Qg6 23. b4 Rf5 24. Qd3 Qf7 25. Bc5 Rf8 26. Bxe7 Qxe7 27. Re2 Rh5
28. Rf1 Qf7 29. Rff2 g5 30. h3 Bf5 31. Qd4 Qe6 32. Rd2 Be4 33. Ne1 Rg8 34. Nf3
Rg6 35. Nh2 Rgh6 36. Rfe2 f3 37. gxf3 Qxh3 38. fxe4 Qg3+ 39. Kf1 Rh4 40. Rf2
Rxe4 41. Qd3 1/2-1/2

[Event "Michigan Amateur"]
[Site "Kalamazoo, Mich."]
[Date "1985.04.14"]
[Round "4"]
[White "Rankin, Henry"]
[Black "Moody, David"]
[Result "0-1"]
[WhiteElo "1528"]
[BlackElo "1988"]
[PlyCount "42"]
[EventDate "1985.04.13"]

1. c4 e5 2. Nc3 Nc6 3. g3 f5 4. Bg2 Nf6 5. e4 Bc5 6. h3 O-O 7. Nge2 fxe4 8.
Nxe4 Nxe4 9. Bxe4 Bxf2+ 10. Kf1 Bxg3+ 11. Kg2 Bh4 12. d3 Rf2+ 13. Kg1 Qf6 14.
Be3 Nd4 15. Nxd4 exd4 16. Qh5 dxe3 17. Qxh7+ Kf8 18. Rh2 Bg3 19. Rg2 Rxg2+ 20.
Bxg2 e2 21. Qe4 Qf2+ 0-1

[Event "Michigan Amateur"]
[Site "Kalamazoo, Mich."]
[Date "1985.04.14"]
[Round "5"]
[White "Moody, David"]
[Black "Yuhas, Lawrence"]
[Result "1-0"]
[WhiteElo "1988"]
[BlackElo "1759"]
[PlyCount "71"]
[EventDate "1985.04.13"]

1. e4 d6 2. d4 Nf6 3. Nc3 g6 4. f4 Bg7 5. Nf3 Bg4 6. Be2 e6 7. h3 Bxf3 8. Bxf3
Nh5 9. O-O Qh4 10. Bg4 Ng3 11. Re1 h5 12. Bf3 Nc6 13. Be3 O-O-O 14. Qd2 e5 15.
fxe5 dxe5 16. Bg5 Bh6 17. Bxh6 Nxd4 18. Bg5 Qxh3 19. gxh3 Nxf3+ 20. Kf2 Nxd2
21. Bxd8 Rxd8 22. Kxg3 Nc4 23. Rad1 Nd6 24. Rd5 f6 25. Red1 a6 26. Kf3 Kd7 27.
Na4 b6 28. Nxb6+ Ke6 29. Nc4 f5 30. exf5+ gxf5 31. Rxe5+ Kf6 32. Red5 Ke6 33.
Kf4 Rb8 34. Nxd6 cxd6 35. Rxd6+ Ke7 36. Rd7+ 1-0

[Event "Tel-12 Mini-Swiss"]
[Site "Southfield, Mich."]
[Date "1985.06.01"]
[Round "1"]
[White "Thompson, Dexter"]
[Black "Moody, David"]
[Result "1-0"]
[WhiteElo "2156"]
[BlackElo "202"]
[PlyCount "53"]
[EventDate "1985.06.01"]

1. e4 e5 2. Nf3 Nc6 3. Nc3 Nf6 4. Bb5 Bb4 5. O-O O-O 6. d3 d6 7. Bg5 Bxc3 8.
bxc3 Qe7 9. Re1 Nd8 10. d4 Ne6 11. Bc1 Rd8 12. a4 c5 13. Bf1 b6 14. Nh4 cxd4
15. Nf5 Qb7 16. cxd4 Nxe4 17. Bb5 Nc3 18. Qg4 f6 19. Bc6 Qc7 20. Bxa8 Nxd4 21.
Nh6+ Kh8 22. Qh4 Nxc2 23. Bd2 Nxe1 24. Rxe1 gxh6 25. Qxf6+ Kg8 26. Bxc3 Rf8 27.
Bd5+ 1-0

[Event "Tel-12 Mini-Swiss"]
[Site "Southfield, Mich."]
[Date "1985.06.01"]
[Round "2"]
[White "Moody, David"]
[Black "Smith, Walter"]
[Result "1-0"]
[WhiteElo "2021"]
[BlackElo "2029"]
[PlyCount "119"]
[EventDate "1985.06.01"]

1. e4 c5 2. Nf3 Nc6 3. d4 cxd4 4. Nxd4 Nf6 5. Nc3 d6 6. Bc4 Bd7 7. Bg5 Qb6 8.
Bxf6 gxf6 9. Ndb5 a6 10. Nd5 Qa5+ 11. b4 Nxb4 12. Nbc7+ Kd8 13. Qd2 Nxc2+ 14.
Kd1 Qxd2+ 15. Kxd2 Rc8 16. Kxc2 e6 17. Kb3 exd5 18. Nxd5 Ba4+ 19. Kb4 Bc2 20.
f3 Bh6 21. Bb3 f5 22. Rhf1 Rc6 23. Rf2 Bd3 24. Rd1 fxe4 25. fxe4 Bxe4 26. Rxf7
Rf8 27. Rxb7 Rf2 28. Ne7 Rc4+ 29. Bxc4 Bxb7 30. Rxd6+ Kxe7 31. Rxh6 Bxg2 32.
Rxh7+ Kf8 33. h4 Rf4 34. Rh8+ Ke7 35. Kc5 Bf3 36. Bxa6 Rf5+ 37. Kd4 Kd6 38.
Rh6+ Kc7 39. Bc4 Kb7 40. Rh7+ Kb6 41. Bf7 Ka5 42. h5 Kb4 43. h6 Rf6 44. Ke5 Ra6
45. Be6 Ra8 46. Re7 Rh8 47. h7 Bd1 48. Kf6 Bc2 49. Bf5 Rf8+ 50. Kg7 Rxf5 51.
h8=Q Rg5+ 52. Kf8 Ra5 53. Qb2+ Kc5 54. Qxc2+ Kd6 55. Qc7+ Kd5 56. Qxa5+ Kd6 57.
Qe5+ Kc6 58. Rc7+ Kb6 59. Qc5+ Ka6 60. Ra7# 1-0

[Event "Tel-12 Mini-Swiss"]
[Site "Southfield, Mich."]
[Date "1985.06.01"]
[Round "3"]
[White "Moody, David"]
[Black "Lindsay, Fred"]
[Result "1/2-1/2"]
[WhiteElo "2021"]
[BlackElo "2321"]
[PlyCount "63"]
[EventDate "1985.06.01"]

1. e4 c5 2. Nf3 Nc6 3. d4 cxd4 4. Nxd4 g6 5. c4 Nf6 6. Nc3 d6 7. Be2 Nxd4 8.
Qxd4 Bg7 9. Qd2 O-O 10. O-O Be6 11. f3 Qa5 12. Nd5 Qxd2 13. Nxe7+ Kh8 14. Bxd2
Rfe8 15. Nd5 Nxd5 16. cxd5 Bxd5 17. Bb5 Bc6 18. Bxc6 bxc6 19. Rac1 Rac8 20.
Rfd1 Bxb2 21. Rb1 Bd4+ 22. Kf1 Be5 23. Rb7 Kg7 24. Rxa7 Ra8 25. Rxa8 Rxa8 26.
Be3 Bxh2 27. f4 Ra4 28. Kf2 Rxa2+ 29. Kf3 g5 30. Rxd6 Bxf4 31. Bxf4 gxf4 32.
Rxc6 1/2-1/2

[Event "Trenton Mini-Swiss (June)"]
[Site "Trenton, Mich."]
[Date "1985.06.15"]
[Round "1"]
[White "Moody, David"]
[Black "Kung, Fred"]
[Result "1-0"]
[WhiteElo "2015"]
[BlackElo "1794"]
[PlyCount "59"]
[EventDate "1985.06.15"]

1. e4 e5 2. Nf3 Nc6 3. d4 exd4 4. Bc4 d6 5. c3 dxc3 6. Qb3 Qd7 7. Nxc3 Na5 8.
Qb4 Nxc4 9. Qxc4 Be7 10. O-O Nf6 11. e5 dxe5 12. Rd1 Bd6 13. Nxe5 Qe6 14. Qb5+
Nd7 15. Nxd7 Bxd7 16. Qxb7 O-O 17. Nb5 Rab8 18. Nxc7 Qe5 19. Qd5 Qxh2+ 20. Kf1
Bxc7 21. Qxd7 Qh1+ 22. Ke2 Rfe8+ 23. Be3 Qh5+ 24. Kf1 Qh1+ 25. Ke2 Qh5+ 26. Kf1
Red8 27. Qa4 Qh1+ 28. Ke2 Rxb2+ 29. Bd2 Re8+ 30. Qxe8# 1-0

[Event "Trenton Mini-Swiss (June)"]
[Site "Trenton, Mich."]
[Date "1985.06.15"]
[Round "3"]
[White "Moody, David"]
[Black "Jackson, James"]
[Result "1-0"]
[WhiteElo "2015"]
[BlackElo "1926"]
[PlyCount "75"]
[EventDate "1985.06.15"]

1. e4 e5 2. Nc3 Bc5 3. Bc4 Nf6 4. d3 Nc6 5. f4 d6 6. Nf3 Ng4 7. Qe2 Bf2+ 8. Kd1
Bb6 9. Rf1 Nd4 10. Nxd4 Bxd4 11. h3 Qh4 12. Nb5 Bb6 13. Qf3 Nh2 14. Qe2 Nxf1
15. Qxf1 O-O 16. f5 a6 17. Nc3 Qf2 18. Qxf2 Bxf2 19. Nd5 Bb6 20. Bg5 Bd7 21. f6
h6 22. fxg7 Kxg7 23. Bf6+ Kg6 24. Nxb6 cxb6 25. Be7 Rg8 26. Bxd6 Kf6 27. g4 h5
28. Ke2 hxg4 29. Rf1+ Kg5 30. Rxf7 Bc8 31. Rh7 Rg6 32. Bxe5 gxh3 33. Bf7 Bg4+
34. Ke3 Rc6 35. Bf4+ Kf6 36. e5+ Kf5 37. Rg7 Rxc2 38. Rg5# 1-0

[Event "Trenton Mini-Swiss (June)"]
[Site "Trenton, Mich."]
[Date "1985.06.15"]
[Round "2"]
[White "Lewis, Derrick"]
[Black "Moody, David"]
[Result "0-1"]
[WhiteElo "1871"]
[BlackElo "2015"]
[PlyCount "40"]
[EventDate "1985.06.15"]

1. e4 e5 2. Nf3 Nc6 3. d4 exd4 4. Nxd4 Nf6 5. Nxc6 bxc6 6. Bd3 Bc5 7. O-O O-O
8. e5 Nd5 9. Re1 d6 10. a3 Qh4 11. g3 Bxf2+ 12. Kxf2 Qxh2+ 13. Kf3 Qh5+ 14. Kg2
Qh3+ 15. Kg1 Qxg3+ 16. Kh1 Re8 17. Nc3 Nxc3 18. bxc3 Bg4 19. Be2 Rxe5 20. Qd3
Rh5# 0-1

[Event "Max Euwe Open"]
[Site "Dearborn, Mich."]
[Date "1985.07.20"]
[Round "1"]
[White "Sturgis, Derreck"]
[Black "Moody, David"]
[Result "0-1"]
[WhiteElo "1377"]
[BlackElo "2015"]
[PlyCount "32"]
[EventDate "1985.07.20"]

1. e4 e5 2. Nf3 Nc6 3. Bb5 a6 4. Ba4 Nf6 5. O-O Be7 6. Re1 b5 7. Bb3 O-O 8. c3
d5 9. exd5 Nxd5 10. Nxe5 Nxe5 11. Rxe5 c6 12. d4 Bd6 13. Re1 Qh4 14. h3 Bxh3
15. Qf3 Bh2+ 16. Kxh2 Bg4+ 0-1

[Event "Max Euwe Open"]
[Site "Dearborn, Mich."]
[Date "1985.07.20"]
[Round "2"]
[White "Moody, David"]
[Black "Finegold, Ben"]
[Result "0-1"]
[WhiteElo "2015"]
[BlackElo "2327"]
[PlyCount "84"]
[EventDate "1985.07.20"]

1. e4 Nc6 2. Nf3 e5 3. Bb5 a6 4. Ba4 Nf6 5. O-O Be7 6. Re1 b5 7. Bb3 d6 8. c3
O-O 9. h3 Re8 10. Ng5 Rf8 11. Nf3 Na5 12. Bc2 c5 13. d4 Qc7 14. Nbd2 Bd7 15.
Nf1 cxd4 16. cxd4 Rac8 17. Re2 Rfe8 18. Bg5 Be6 19. d5 Bd7 20. Rc1 h6 21. Bd3
Qb7 22. Be3 Bd8 23. Rec2 Bb6 24. b4 Nc4 25. Bxb6 Nxb6 26. N3d2 Rxc2 27. Rxc2
Rc8 28. Nb3 Na4 29. Qc1 Rxc2 30. Qxc2 Nh5 31. Ne3 Nf4 32. Bf1 Qc8 33. Qxc8+
Bxc8 34. Na5 Nc3 35. a3 Nxe4 36. Nc6 Kf8 37. f3 Nc3 38. Na7 Bb7 39. Nf5 Bxd5
40. Nxd6 Ke7 41. Ndc8+ Kd8 42. Nb6 Kc7 0-1

[Event "Max Euwe Open"]
[Site "Dearborn, Mich."]
[Date "1985.07.20"]
[Round "3"]
[White "Marinucci, Mark"]
[Black "Moody, David"]
[Result "0-1"]
[WhiteElo "1571"]
[BlackElo "2015"]
[PlyCount "52"]
[EventDate "1985.07.20"]

1. e4 e5 2. f4 exf4 3. Nf3 d6 4. Bc4 h6 5. d3 g5 6. O-O Bg7 7. d4 Nc6 8. Nc3
Bg4 9. Bb5 a6 10. Bxc6+ bxc6 11. Ne2 Nf6 12. e5 Nd7 13. exd6 cxd6 14. Qd3 O-O
15. g3 fxg3 16. Nxg3 Qb6 17. c3 Rae8 18. Bxg5 Bxf3 19. Qxf3 hxg5 20. Nh5 Qb5
21. Qg4 Re6 22. Rf5 Qd3 23. Raf1 f6 24. Rxg5 Qe3+ 25. Kg2 fxg5 26. Rxf8+ Nxf8
0-1

[Event "Max Euwe Open"]
[Site "Dearborn, Mich."]
[Date "1985.07.21"]
[Round "5"]
[White "Moody, David"]
[Black "Jackson, James"]
[Result "1-0"]
[WhiteElo "2015"]
[BlackElo "1926"]
[PlyCount "55"]
[EventDate "1985.07.20"]

1. d4 d5 2. Nf3 Bf5 3. c4 e6 4. Qb3 Nf6 5. Qxb7 Nbd7 6. Nc3 dxc4 7. Nb5 Rc8 8.
Nxa7 Rb8 9. Qa6 Bb4+ 10. Bd2 Bxd2+ 11. Nxd2 Rb6 12. Qa3 Qb8 13. Nxc4 Ra6 14.
Qxa6 Qb4+ 15. Kd1 O-O 16. Nc6 Nc5 17. Nxb4 Nxa6 18. Nxa6 Ne4 19. Ke1 Ra8 20.
Nb4 c5 21. dxc5 Nxc5 22. e3 Ne4 23. Bd3 Rb8 24. Nc6 Re8 25. Bxe4 Bxe4 26. Nd6
Bxc6 27. Nxe8 Bxe8 28. Rc1 1-0

[Event "Max Euwe Open"]
[Site "Dearborn, Mich."]
[Date "1985.07.21"]
[Round "4"]
[White "Moody, David"]
[Black "Graves, Joseph"]
[Result "0-1"]
[WhiteElo "2015"]
[BlackElo "1776"]
[PlyCount "66"]
[EventDate "1985.07.20"]

1. e4 e5 2. Nf3 Nc6 3. d4 exd4 4. Bc4 Bb4+ 5. c3 dxc3 6. O-O Nge7 7. a3 Bc5 8.
b4 Bb6 9. Nxc3 d6 10. Qb3 O-O 11. Bg5 h6 12. Bh4 Bg4 13. Nd5 Qe8 14. b5 Bxf3
15. bxc6 Nxd5 16. cxb7 Rb8 17. Qxf3 Ne7 18. Rfe1 Ng6 19. Bg3 Ne5 20. Bxe5 Qxe5
21. Bd5 a5 22. Rec1 Kh8 23. Rab1 f5 24. exf5 Rxf5 25. Rxb6 Rxf3 26. Bxf3 cxb6
27. Rc8+ Qe8 28. Bg4 Kh7 29. h3 Qe1+ 30. Kh2 Qe5+ 31. f4 Qxf4+ 32. g3 Qf2+ 33.
Kh1 Rxb7 0-1

[Event "Tel-12 Tornado (July)"]
[Site "Southfield, Mich."]
[Date "1985.07.27"]
[Round "4"]
[White "Patterson, Michael"]
[Black "Moody, David"]
[Result "1/2-1/2"]
[WhiteElo "1405"]
[BlackElo "2015"]
[PlyCount "69"]
[EventDate "1985.07.27"]

1. Nf3 Nf6 2. g3 g6 3. Bg2 Bg7 4. O-O O-O 5. d3 d6 6. e4 c5 7. Nbd2 Nc6 8. Re1
Qc7 9. Nf1 Rb8 10. Rb1 b5 11. b3 Bb7 12. Bb2 Rfc8 13. Ne3 Na5 14. c4 a6 15. Nd5
Qd8 16. Bh3 e6 17. Qd2 exd5 18. Bxc8 Bxc8 19. exd5 b4 20. Kg2 Bf5 21. h4 Qd7
22. h5 Bh3+ 23. Kh2 Bg4 24. h6 Bxf3 25. hxg7 Ng4+ 26. Kg1 Qf5 27. Qf4 Qxf4 28.
gxf4 h5 29. Re7 h4 30. Rbe1 f6 31. Re8+ Rxe8 32. Rxe8+ Kxg7 33. Re7+ Kh6 34.
Re8 Kg7 35. Re7+ 1/2-1/2

[Event "Tel-12 Tornado (July)"]
[Site "Southfield, Mich."]
[Date "1985.07.27"]
[Round "3"]
[White "Nowak, Robert"]
[Black "Moody, David"]
[Result "0-1"]
[WhiteElo "1284"]
[BlackElo "2015"]
[PlyCount "22"]
[EventDate "1985.07.27"]

1. e4 e5 2. Nf3 Nc6 3. Bc4 Nf6 4. Ng5 d5 5. exd5 Na5 6. Bb5+ c6 7. dxc6 bxc6 8.
Be2 h6 9. Nf3 e4 10. Ng1 Bc5 11. Nc3 Qd4 0-1

[Event "Tel-12 Tornado (July)"]
[Site "Southfield, Mich."]
[Date "1985.07.27"]
[Round "2"]
[White "Moody, David"]
[Black "Darmofal, David"]
[Result "0-1"]
[WhiteElo "2015"]
[BlackElo "1590"]
[PlyCount "52"]
[EventDate "1985.07.27"]

1. e4 e5 2. Nf3 Nc6 3. d4 exd4 4. Bc4 d6 5. Nxd4 Ne5 6. Bb3 Nf6 7. O-O Bd7 8.
Qe2 Be7 9. f4 Ng6 10. e5 Bg4 11. Qe1 dxe5 12. Nb5 exf4 13. Bxf4 Nxf4 14. Rxf4
O-O 15. N1c3 c6 16. Na3 Bd6 17. Rf1 Bxa3 18. bxa3 Qd4+ 19. Kh1 Rfe8 20. Qg3 Re3
21. Qc7 Qxc3 22. Qxf7+ Kh8 23. Qxb7 Rae8 24. Qxa7 Be2 25. Rg1 Ng4 26. Qf7 Qe5
0-1

[Event "Tel-12 Tornado (July)"]
[Site "Southfield, Mich."]
[Date "1985.07.27"]
[Round "1"]
[White "Kim, Roderick"]
[Black "Moody, David"]
[Result "0-1"]
[WhiteElo "1497"]
[BlackElo "2015"]
[PlyCount "58"]
[EventDate "1985.07.27"]

1. d4 Nf6 2. c4 c5 3. Nf3 e6 4. Nc3 d5 5. cxd5 Nxd5 6. Nxd5 exd5 7. b3 Nc6 8.
e3 Qb6 9. Bb2 cxd4 10. Nxd4 Bb4+ 11. Ke2 O-O 12. Nxc6 Qxc6 13. Rc1 Qd6 14. Qd4
f6 15. g3 b6 16. Bg2 Ba6+ 17. Kd1 Rad8 18. Bf1 Bb7 19. Rg1 Rfe8 20. Bg2 Ba6 21.
Bxd5+ Qxd5 22. Qxd5+ Rxd5+ 23. Bd4 Bc5 24. Kc2 Bxd4 25. exd4 Rxd4 26. Kc3 Rd3+
27. Kc2 Re2+ 28. Kb1 Rdd2 29. Rc3 Rxf2 0-1

[Event "U.S. Open"]
[Site "Hollywood, Fla."]
[Date "1985.08.05"]
[Round "2"]
[White "Moody, David"]
[Black "Katrein, Matthew"]
[Result "1-0"]
[WhiteElo "2015"]
[BlackElo "2306"]
[PlyCount "75"]
[EventDate "1985.08.04"]

1. e4 e6 2. d4 d5 3. Nc3 Bb4 4. e5 c5 5. a3 Bxc3+ 6. bxc3 Ne7 7. Nf3 Bd7 8. a4
Qa5 9. Bd2 Nbc6 10. Bb5 Qc7 11. O-O c4 12. Qe2 a6 13. Bxc6 Bxc6 14. Rfb1 O-O
15. Bc1 Qd7 16. a5 Bb5 17. Ba3 Rfc8 18. h4 Rc6 19. h5 f5 20. Qe3 Rf8 21. Qg5
Rf7 22. Nh4 Rc8 23. h6 Kh8 24. f4 Rg8 25. Kf2 gxh6 26. Qxh6 Rg4 27. Rh1 Rfg7
28. Bxe7 Qxe7 29. Rh2 Kg8 30. Rah1 Be8 31. Nf3 Bf7 32. Ng5 Bg6 33. g3 Qa3 34.
Nxe6 Rf7 35. Ng5 Qxc3 36. Qxg6+ hxg6 37. Rh8+ Kg7 38. Ne6# 1-0

[Event "U.S. Open"]
[Site "Hollywood, Fla."]
[Date "1985.08.06"]
[Round "3"]
[White "Moody, David"]
[Black "Small, Gregg"]
[Result "0-1"]
[WhiteElo "2015"]
[BlackElo "2295"]
[PlyCount "54"]
[EventDate "1985.08.04"]

1. e4 e5 2. Nf3 Nc6 3. Bb5 a6 4. Ba4 Nf6 5. O-O b5 6. Bb3 Be7 7. Re1 O-O 8. c3
d6 9. h3 Nb8 10. d4 Nbd7 11. Nbd2 Bb7 12. Bc2 Re8 13. a4 Bf8 14. d5 c6 15. c4
g6 16. b4 Nb6 17. dxc6 Bxc6 18. cxb5 axb5 19. a5 Nbd7 20. Bb2 d5 21. exd5 Nxd5
22. Nxe5 Nxe5 23. Bxe5 Nxb4 24. Bb3 Nd3 25. f4 Rxe5 26. fxe5 Qd4+ 27. Kh2 Qf4+
0-1

[Event "U.S. Open"]
[Site "Hollywood, Fla."]
[Date "1985.08.07"]
[Round "4"]
[White "Wheeler, Jerry"]
[Black "Moody, David"]
[Result "1-0"]
[WhiteElo "2240"]
[BlackElo "2015"]
[PlyCount "37"]
[EventDate "1985.08.04"]

1. Nf3 g6 2. c4 Nf6 3. Nc3 Bg7 4. d4 O-O 5. e4 d6 6. Be2 c5 7. O-O cxd4 8. Nxd4
Nbd7 9. Be3 Nc5 10. f3 Nh5 11. Qd2 f5 12. b4 f4 13. Bf2 Nd7 14. Ne6 Qe8 15. Nc7
Qd8 16. Nxa8 b6 17. Rad1 Bb7 18. Nxb6 axb6 19. c5 1-0

[Event "U.S. Open"]
[Site "Hollywood, Fla."]
[Date "1985.08.08"]
[Round "5"]
[White "Moody, David"]
[Black "Wren, Gregory"]
[Result "1-0"]
[WhiteElo "2015"]
[BlackElo "1760"]
[PlyCount "45"]
[EventDate "1985.08.04"]

1. e4 e5 2. Nf3 Nf6 3. Nc3 Nc6 4. Bb5 d6 5. d4 exd4 6. Nxd4 Bd7 7. O-O Nxd4 8.
Qxd4 Be7 9. Bg5 O-O 10. Rad1 Bxb5 11. Nxb5 a6 12. Nc3 Ng4 13. Bxe7 Qxe7 14. Nd5
Qd8 15. Rd3 Ne5 16. Rg3 c6 17. Ne3 Qf6 18. Nf5 Rad8 19. Rxg7+ Kh8 20. Qe3 Rg8
21. Rxh7+ Kxh7 22. Qh3+ Kg6 23. Qh6# 1-0

[Event "U.S. Open"]
[Site "Hollywood, Fla."]
[Date "1985.08.09"]
[Round "6"]
[White "Terrie, Henry"]
[Black "Moody, David"]
[Result "1-0"]
[WhiteElo "2214"]
[BlackElo "2015"]
[PlyCount "57"]
[EventDate "1985.08.04"]

1. c4 e5 2. Nc3 Nc6 3. Nf3 f5 4. d4 e4 5. Ng1 Nf6 6. e3 Bb4 7. Bd2 O-O 8. Nh3
Bxc3 9. Bxc3 d5 10. Nf4 Kh8 11. Be2 Ne7 12. Bb4 Rf7 13. Qb3 c6 14. h4 dxc4 15.
Bxe7 Rxe7 16. Bxc4 Qe8 17. h5 Ng4 18. a4 Bd7 19. Qxb7 Rb8 20. Qxa7 Rxb2 21. O-O
g5 22. hxg6 hxg6 23. Qc5 Rg7 24. Rab1 g5 25. Rxb2 gxf4 26. Qd6 Qh5 27. Rb8+ Be8
28. Qxf4 Nf6 29. Qh2 1-0

[Event "U.S. Open"]
[Site "Hollywood, Fla."]
[Date "1985.08.11"]
[Round "7"]
[White "Moody, David"]
[Black "Riley, Samuel"]
[Result "1-0"]
[WhiteElo "2015"]
[BlackElo "1775"]
[PlyCount "35"]
[EventDate "1985.08.04"]

1. e4 c6 2. d4 d5 3. Nc3 dxe4 4. Nxe4 Bf5 5. Ng3 Bg6 6. Nf3 e6 7. h4 h6 8. Ne5
Bh7 9. Bc4 Nf6 10. Qe2 Nbd7 11. Nxf7 Qe7 12. Nxh8 Nd5 13. Bxd5 exd5 14. h5 Bxc2
15. Ng6 Qxe2+ 16. Kxe2 O-O-O 17. Nxf8 Rxf8 18. Be3 1-0

[Event "U.S. Open"]
[Site "Hollywood, Fla."]
[Date "1985.08.12"]
[Round "8"]
[White "Lane, Paul"]
[Black "Moody, David"]
[Result "0-1"]
[WhiteElo "1730"]
[BlackElo "2015"]
[PlyCount "54"]
[EventDate "1985.08.04"]

1. e4 e5 2. Nf3 Nc6 3. Bb5 a6 4. Ba4 Nf6 5. O-O Be7 6. Re1 b5 7. Bb3 O-O 8. a4
Bb7 9. c3 d5 10. exd5 Nxd5 11. Nxe5 Nxe5 12. Rxe5 Nf4 13. f3 Nd3 14. Re2 Bc5+
15. Kh1 Qh4 16. Bc2 Nf2+ 17. Rxf2 Qxf2 18. d4 Rae8 19. Bd2 Bd6 20. Bd3 Re6 21.
axb5 Rfe8 22. Na3 Re2 23. Bxe2 Rxe2 24. Qg1 Qxf3 25. gxf3 Bxf3+ 26. Qg2 Rxg2
27. Be1 Rg3# 0-1

[Event "U.S. Open"]
[Site "Hollywood, Fla."]
[Date "1985.08.13"]
[Round "9"]
[White "Moody, David"]
[Black "Chiu, Herman"]
[Result "1-0"]
[WhiteElo "2015"]
[BlackElo "2183"]
[PlyCount "91"]
[EventDate "1985.08.04"]

1. e4 c5 2. Nf3 Nc6 3. d4 cxd4 4. Nxd4 g6 5. c4 Bg7 6. Be3 Nf6 7. Nc3 O-O 8.
Be2 b6 9. O-O Bb7 10. f3 Rc8 11. Rc1 d6 12. Qe1 e6 13. Qf2 Ne5 14. b3 Qe7 15.
Rfd1 d5 16. exd5 exd5 17. cxd5 Rxc3 18. d6 Qe8 19. Rxc3 Nd5 20. Rcc1 Nxe3 21.
Qxe3 Nxf3+ 22. Kf2 Qxe3+ 23. Kxe3 Re8+ 24. Ne6 Rxe6+ 25. Kf2 Nd4 26. Bf3 Nxf3
27. d7 Bf6 28. d8=Q+ Bxd8 29. Rxd8+ Kg7 30. gxf3 Re7 31. Rcd1 Bc6 32. R1d2 Be8
33. Re2 Rxe2+ 34. Kxe2 Bb5+ 35. Ke3 Kf6 36. Ra8 a6 37. Rb8 g5 38. Rxb6+ Kf5 39.
Rh6 f6 40. Rxh7 Bf1 41. Rc7 Bb5 42. Rc5+ Ke6 43. Rxb5 axb5 44. a4 bxa4 45. bxa4
Kd6 46. Ke4 1-0